[Event "CRO-ch U19"]
[Site "Topusko"]
[Date "2012.07.24"]
[Round "2"]
[White "Rodic, Marjan"]
[Black "Sekulic, Ivan"]
[Result "1/2-1/2"]
[WhiteElo "1767"]
[BlackElo "1658"]
[PlyCount "31"]
[EventDate "2012.??.??"]
[EventType "swiss"]
[EventRounds "9"]
[EventCountry "CRO"]
[SourceTitle "EXT 2013"]
[Source "ChessBase"]
[SourceDate "2012.11.22"]
[SourceVersion "1"]
[SourceVersionDate "2012.11.22"]
[SourceQuality "1"]

1. d4 d5 2. c4 c6 3. e3 Nf6 4. Nc3 e6 5. Nf3 Bd6 6. Qc2 0-0 7. Bd3 Nbd7 8. 0-0 dxc4 9. Bxc4 b5 10. Bd3 Bb7 11. e4 e5 12. Rd1 Qe7 13. Bg5 h6 14. Bh4 a6 15. a3 g5 16. Bg3 1/2-1/2

[Event "CRO-ch U19"]
[Site "Topusko"]
[Date "2011.07.29"]
[Round "8"]
[White "Sekulic, Ivan"]
[Black "Dejanovic, Dragan"]
[Result "0-1"]
[WhiteElo "1661"]
[BlackElo "1635"]
[PlyCount "65"]
[EventDate "2011.07.24"]
[EventType "swiss"]
[EventRounds "9"]
[EventCountry "CRO"]
[SourceTitle "EXT 2012"]
[Source "ChessBase"]
[SourceDate "2011.11.24"]
[SourceVersion "1"]
[SourceVersionDate "2011.11.24"]
[SourceQuality "1"]

1. e4 c6 2. d4 d5 3. Nc3 dxe4 4. Nxe4 Nd7 5. Nf3 Ngf6 6. Ng3 g6 7. Bd3 Bg7 8. 0-0 0-0 9. Qe2 c5 10. dxc5 Nxc5 11. Rd1 Nxd3 12. Rxd3 Qc7 13. c3 b6 14. Rd1 Bb7 15. Be3 e5 16. Ng5 Nd5 17. h4 h6 18. Nf3 f5 19. Bd2 e4 20. Ne1 Rae8 21. Qb5 a6 22. Qb3 Kh8 23. Nc2 e3 24. Bxe3 Nxe3 25. fxe3 Rxe3 26. Nd4 Bxd4 27. Rxd4 Qxg3 28. Qc2 Re1+ 29. Rxe1 Qxe1+ 30. Kh2 Be4 31. Qb3 Qxh4+ 32. Kg1 Qe1+ 33. Kh2 0-1

[Event "CRO-ch U19"]
[Site "Topusko"]
[Date "2011.07.25"]
[Round "2"]
[White "Sekulic, Ivan"]
[Black "Vujec, Ivan"]
[Result "0-1"]
[WhiteElo "1661"]
[BlackElo "2063"]
[PlyCount "90"]
[EventDate "2011.07.24"]
[EventType "swiss"]
[EventRounds "9"]
[EventCountry "CRO"]
[SourceTitle "EXT 2012"]
[Source "ChessBase"]
[SourceDate "2011.11.24"]
[SourceVersion "1"]
[SourceVersionDate "2011.11.24"]
[SourceQuality "1"]

1. e4 c6 2. d4 d5 3. Nc3 dxe4 4. Nxe4 Nf6 5. Ng3 g6 6. Nf3 Bg7 7. Be2 0-0 8. 0-0 Nbd7 9. c3 b6 10. Bg5 Bb7 11. Qd2 Re8 12. Bh6 Bh8 13. Bc4 Nd5 14. Bxd5 cxd5 15. Ne2 Nf6 16. Qf4 Ne4 17. Ng5 Nxg5 18. Bxg5 f6 19. Bh6 e5 20. Qd2 e4 21. Be3 f5 22. g3 Bf6 23. h4 Kh8 24. Bg5 Ba6 25. Rfe1 Bxg5 26. Qxg5 Qd6 27. Nf4 Qd8 28. Ng2 Qxg5 29. hxg5 Kg7 30. Nf4 Bb7 31. Kg2 h6 32. gxh6+ Kxh6 33. Rh1+ Kg7 34. Rh2 g5 35. Nh3 Kf6 36. Re1 Rh8 37. Reh1 Raf8 38. a3 Ba6 39. Re1 Rh7 40. Reh1 Rfh8 41. Ng1 Bf1+ 42. Kxf1 Rxh2 43. Rxh2 Rxh2 44. Ke2 f4 45. gxf4 gxf4 0-1

[Event "CRO-chT U16"]
[Site "Vinkovci"]
[Date "2009.12.29"]
[Round "5.3"]
[White "Sekulic, Ivan"]
[Black "Turk, Tajana"]
[Result "1-0"]
[WhiteElo "1637"]
[BlackElo "1746"]
[PlyCount "71"]
[EventDate "2009.12.27"]
[EventType "team-tourn"]
[EventRounds "7"]
[EventCountry "CRO"]
[SourceTitle "EXT 2011"]
[Source "ChessBase"]
[SourceDate "2010.11.26"]
[SourceVersion "1"]
[SourceVersionDate "2010.11.26"]
[SourceQuality "1"]

1. e4 c5 2. Nc3 e6 3. Nge2 Nc6 4. g3 Nf6 5. Bg2 d6 6. 0-0 Be7 7. d3 a6 8. a4 Qc7 9. Be3 Bd7 10. Qd2 Ng4 11. Nd1 Nxe3 12. Nxe3 Bf6 13. c3 h5 14. f4 Ne7 15. Nc4 Ng6 16. a5 Bb5 17. Nb6 Rd8 18. c4 Bc6 19. Rab1 Be7 20. Nc3 Nf8 21. Nca4 Bxa4 22. Nxa4 Nd7 23. b4 cxb4 24. Qxb4 Rb8 25. d4 Rf8 26. Rfc1 f5 27. c5 dxc5 28. dxc5 Bd8 29. Nb6 Be7 30. Nxd7 Qxd7 31. c6 Qc7 32. Qb6 Qxb6+ 33. Rxb6 Kf7 34. exf5 exf5 35. c7 Rbc8 36. Bxb7 1-0